Statistics for CONIFA World Cup 2018 (regions not accepted by FIFA)

Click here to take the quiz!

General Stats

  • This quiz has been taken 69 times
  • The average score is 9 of 16

Answer Stats

Team NameCountry% Correct
TibetChina
93%
Northern CyprusCyprus
92%
PunjabIndia/Pakistan
92%
United Korean in JapanJapan
92%
Western ArmeniaTurkey
68%
AbkhaziaGeorgia
65%
KiribatiKiribati
60%
Tamil EelamSri Lanka
60%
CascadiaUSA/Canada
60%
Ellan VanninUK/Isle of Man
58%
PadaniaItaly
47%
Szekely LandRomania
30%
BarawaSomalia
30%
KabyliaAlgeria
23%
FelvidekSlovakia
23%
MatabelelandZimbabwe
22%

Score Distribution

Percentile by Number Answered

Percent of People with Each Score

Your Score History

You have not taken this quiz